Loading...
Fine Arts - Classical Music | 5 | 8.00 | 60% | 20% | 0% |
Fine Arts - Other Fine Arts | 7 | 8.57 | 86% | 0% | 0% |
Fine Arts - Visual Fine Arts | 4 | 7.50 | 50% | 25% | 0% |
Geography/Current Events | 1 | 20.00 | 100% | 100% | 0% |
History - American History | 4 | 15.00 | 75% | 75% | 0% |
History - European History | 5 | 10.00 | 100% | 0% | 0% |
History - Other History | 4 | 15.00 | 100% | 50% | 0% |
History - World History | 5 | 10.00 | 60% | 40% | 0% |
Literature - American Literature | 3 | 6.67 | 67% | 0% | 0% |
Literature - British Literature | 6 | 8.33 | 83% | 0% | 0% |
Literature - European Literature | 2 | 5.00 | 50% | 0% | 0% |
Literature - World/Other Literature | 4 | 12.50 | 100% | 25% | 0% |
Mythology | 2 | 15.00 | 100% | 50% | 0% |
Philosophy | 5 | 8.00 | 80% | 0% | 0% |
Pop Culture | 1 | 20.00 | 100% | 100% | 0% |
Religion | 3 | 23.33 | 100% | 100% | 33% |
Science - Biology | 3 | 16.67 | 100% | 33% | 33% |
Science - Chemistry | 4 | 12.50 | 100% | 25% | 0% |
Science - Other Science | 5 | 22.00 | 100% | 80% | 40% |
Science - Physics | 5 | 16.00 | 100% | 40% | 20% |
Social Science | 5 | 16.00 | 100% | 40% | 20% |